APPLIED ENTOMOLOGY: FOR COMPITITIVE EXAMS [ ICAR-JRF, ICAR-SRF, IARI-SRF, ARS, SAUs ] (Record no. 8752)

MARC details
000 -LEADER
fixed length control field 00503nam a22001817a 4500
005 - DATE AND TIME OF LATEST TRANSACTION
control field 20250414161203.0
008 - FIXED-LENGTH DATA ELEMENTS--GENERAL INFORMATION
fixed length control field 250411b |||||||| |||| 00| 0 eng d
020 ## - INTERNATIONAL STANDARD BOOK NUMBER
ISBN 818399039-8
041 ## - LANGUAGE CODE
Language code of text/sound track or separate title eng
082 ## - DEWEY DECIMAL CLASSIFICATION NUMBER
Classification number 632.7 RED-A
100 ## - MAIN ENTRY--AUTHOR NAME
Personal name REDDY, D. S
245 ## - TITLE STATEMENT
Title APPLIED ENTOMOLOGY: FOR COMPITITIVE EXAMS [ ICAR-JRF, ICAR-SRF, IARI-SRF, ARS, SAUs ]
250 ## - EDITION STATEMENT
Edition statement 4TH. ED .2022
260 ## - PUBLICATION, DISTRIBUTION, ETC. (IMPRINT)
Place of publication NEW DELHI
Name of publisher NEW VISHAL PUBLICATION
Year of publication 2005
300 ## - PHYSICAL DESCRIPTION
Number of Pages 264;P
650 ## - SUBJECT ADDED ENTRY--TOPICAL TERM
Topical Term AGRICULTURE
942 ## - ADDED ENTRY ELEMENTS (KOHA)
Koha item type Books
Holdings
Lost status Damaged status Collection code Home library Current library Shelving location Date acquired Source of acquisition Cost, normal purchase price Full call number Accession Number Koha item type
    Reference JRU Library JRU Library SHELF-2-A 10/04/2025 PURCHASE 350.00 632.7 28699 Books
    AGRICULTURE JRU Library JRU Library SHELF-43-C 10/04/2025 PURCHASE 350.00 632.7 28700 Books
    AGRICULTURE JRU Library JRU Library SHELF-43-C 10/04/2025 PURCHASE 350.00 632.7 28701 Books
    AGRICULTURE JRU Library JRU Library SHELF-43-C 10/04/2025 PURCHASE 350.00 632.7 28702 Books
    AGRICULTURE JRU Library JRU Library SHELF-43-C 10/04/2025 PURCHASE 350.00 632.7 28703 Books